Tabellenbuch Schweiss-und Löttechnik

Salvato in:
Dettagli Bibliografici
Natura: Libro
Lingua:tedesco
Pubblicazione: Düsseldorf : DVS, 1989
Edizione:4.Aufl.
Soggetti:
Tags: Aggiungi Tag
Nessun Tag, puoi essere il primo ad aggiungerne!!

MARC

LEADER 00000nam a22000003a 4500
001 stu42400
005 20150408180517.2
008 940323s1989----gw------------------ger-d
020 |a 3-87155-109-0 
040 |a STU  |b slo 
041 0 |a ger 
044 |a gw 
080 |a 621.791 
245 |a Tabellenbuch Schweiss-und Löttechnik 
250 |a 4.Aufl. 
260 |a Düsseldorf :  |b DVS,  |c 1989 
300 |a 347 s 
650 7 |a zváranie  |2 stusub 
650 7 |a spájkovanie  |2 stusub 
996 |b 284M030915  |c M*8607-2  |l MMKN  |s A  |a 24  |w stu42400_0001